[Event "Morava-ch U14"]
[Site "Bystrice nad Pernstejnem"]
[Date "2024.10.31"]
[Round "8"]
[White "Walder, Hugo"]
[Black "Jordan, Mathias"]
[Result "1/2-1/2"]
[WhiteElo "1656"]
[BlackElo "1528"]
[PlyCount "57"]
[EventDate "2024.10.26"]
[EventType "swiss"]
[EventRounds "9"]
[EventCountry "CZE"]
[SourceTitle "CB45_2024"]
[Source "ChessBase"]
[SourceDate "2024.11.06"]
[SourceVersion "1"]
[SourceVersionDate "2024.11.06"]
[SourceQuality "1"]

1. e4 c5 2. Nf3 g6 3. d4 cxd4 4. Nxd4 Bg7 5. Be3 Nc6 6. Nc3 Nf6 7. Bc4 Qa5 8. 0-0 0-0 9. Bb3 d6 10. h3 Bd7 11. Qd2 Nxd4 12. Qxd4 Ng4 13. Qd3 Nxe3 14. Qxe3 Bxc3 15. bxc3 Rac8 16. Qh6 Qxc3 17. Rad1 Bc6 18. Rfe1 Qg7 19. Qg5 Rfe8 20. Re3 Qe5 21. Qh6 Qg7 22. Qf4 Rf8 23. Kh1 a6 24. Qh4 Rce8 25. f4 Qf6 26. Qg3 Kg7 27. h4 Rd8 28. Kg1 e6 29. Qg4 1/2-1/2

[Event "Morava-ch U14"]
[Site "Bystrice nad Pernstejnem"]
[Date "2024.10.28"]
[Round "3"]
[White "Kala, Jakub"]
[Black "Jordan, Mathias"]
[Result "1-0"]
[WhiteElo "1899"]
[BlackElo "1528"]
[PlyCount "131"]
[EventDate "2024.10.26"]
[EventType "swiss"]
[EventRounds "9"]
[EventCountry "CZE"]
[SourceTitle "CB45_2024"]
[Source "ChessBase"]
[SourceDate "2024.11.06"]
[SourceVersion "1"]
[SourceVersionDate "2024.11.06"]
[SourceQuality "1"]

1. Nf3 d5 2. c4 d4 3. e3 Nc6 4. b4 dxe3 5. fxe3 Nxb4 6. d4 e6 7. a3 Na6 8. Bd3 c6 9. Nc3 Nf6 10. 0-0 Be7 11. Ne2 0-0 12. e4 Re8 13. e5 Nd7 14. Nf4 Nf8 15. Nh3 b6 16. Bg5 h6 17. Bxe7 Rxe7 18. Nf2 Bb7 19. g4 c5 20. g5 Bxf3 21. Qxf3 hxg5 22. Be4 Rb8 23. d5 exd5 24. Bxd5 Nc7 25. Ne4 Nxd5 26. cxd5 Rbb7 27. Nxg5 Red7 28. Ne4 Rbc7 29. Qg3 Ng6 30. e6 Re7 31. exf7+ Rxf7 32. d6 Rcd7 33. Qxg6 Qh4 34. Rxf7 Rxf7 35. d7 Rxd7 36. Nf6+ Qxf6 37. Qe8+ Kh7 38. Qxd7 Qxa1+ 39. Kg2 Qb2+ 40. Kh1 Qb1+ 41. Kg2 Qe4+ 42. Kf1 Qf3+ 43. Kg1 Qe3+ 44. Kg2 Qxa3 45. Qf5+ Kg8 46. Qc8+ Kf7 47. Qd7+ Kf6 48. Qd6+ Kf5 49. Qd5+ Kf4 50. Qf7+ Ke4 51. Qc4+ Ke5 52. Qe2+ Kd4 53. Qg4+ Kd5 54. Qxg7 Qa2+ 55. Kg3 Qb3+ 56. Kg2 Qc2+ 57. Kg1 Qd1+ 58. Kg2 Qd2+ 59. Kg3 Qe1+ 60. Kg2 Qe2+ 61. Kg1 Qd1+ 62. Kg2 c4 63. Qd7+ Kc5 64. Qxd1 b5 65. h4 b4 66. h5 1-0